Success Mantra of BrahMos: (Record no. 207699)

MARC details
000 -LEADER
fixed length control field 00656nam a22002057a 4500
005 - DATE AND TIME OF LATEST TRANSACTION
control field 20241213151208.0
010 ## - LCCN (DPL NO)
LC control number ENG-143119
020 ## - INTERNATIONAL STANDARD BOOK NUMBER
International Standard Book Number 9788182748033
Terms of availability 395.00
035 ## - SYSTEM CONTROL NUMBER
System control number EN-126651
037 ## - SOURCE OF ACQUISITION
Source of stock number/acquisition DBAD
082 ## - DEWEY DECIMAL CLASSIFICATION NUMBER
Classification number 623.4519054
Edition number 1
100 ## - MAIN ENTRY--PERSONAL NAME
Personal name Pillai A. Sivathanu
245 ## - TITLE STATEMENT
Title Success Mantra of BrahMos:
Statement of responsibility, etc by A. Sivathanu Pillai
Remainder of title The Path Unexplored/
250 ## - EDITION STATEMENT
Edition statement 1
260 ## - PUBLICATION, DISTRIBUTION, ETC. (IMPRINT)
Place of publication, distribution, etc New Delhi
Name of publisher, distributor, etc Pentagon Press
Date of publication, distribution, etc 2014
270 ## - ADDRESS
Address A-38, Hauz Khas
City New Delhi
Postal code 110016
Telephone number 011-51656996
Fax number 51656997
Electronic mail address pentagonpress@touchtelindia.net
300 ## - PHYSICAL DESCRIPTION
Extent xx,205p.
Dimensions 22cm(pb)
700 ## - ADDED ENTRY--PERSONAL NAME
9 (RLIN) 35294
942 ## - ADDED ENTRY ELEMENTS (KOHA)
Source of classification or shelving scheme Dewey Decimal Classification
Item type English Books
Classification part 623.4519054
Call number suffix PIL
Holdings
Withdrawn status Lost status Not for loan Collection code Home library Current library Date acquired Source of acquisition Cost, normal purchase price Full call number Barcode Copy number Cost, replacement price Koha item type
      Non-fiction Sarojini Nagar Sarojini Nagar 13/12/2024 Delivery of Books Division 395.00 623.4519054 PIL EN-126651 1 395.00 English Books

© Delhi Public Library
Hit Counter
free hit counter